Los tanques de concreto y de mampostería para el almacenamiento de combustible en las estaciones de servicio

Uloženo v:
Podrobná bibliografie
Hlavní autor: Aguilar Vargas, Edwin Ernesto
Médium: Kniha
Vydáno: San José, C.R. 1996
Témata:
Tagy: Přidat tag
Žádné tagy, Buďte první, kdo vytvoří štítek k tomuto záznamu!

MARC

LEADER 00000nam a2200000Ia 4500
003 008084
005 20221231144234.0
008 140114s1996 cr a m 000 ||s d
040 |c cru CEDI 
090 |a TFG 3572 
100 |a Aguilar Vargas, Edwin Ernesto  |9 9652 
245 |a Los tanques de concreto y de mampostería para el almacenamiento de combustible en las estaciones de servicio 
260 |c 1996  |a  San José, C.R. 
300 |a  iv, [118] hojas : ilustraciones  
500 |a  Proyecto de graduación (licenciatura en ingeniería civil)--Universidad de Costa Rica. Facultad de Ingeniería. Escuela de Ingeniería Civil 
650 |x TANQUES DE ALMACENAMIENTO DE CRUDOS   |x IMPERMEABILIZACION  |9 9653 
942 |c TFG 
999 |c 18906  |d 18906